[Event "Barcelona Sant Marti op 04th"]
[Site "Barcelona"]
[Date "2002.06.01"]
[Round "9.50"]
[White "Lluis Marti, Tomas"]
[Black "Fernandez Barrera, Joan Manel"]
[Result "1-0"]
[WhiteElo "1700"]
[BlackElo "1700"]
[PlyCount "87"]
[EventDate "2002.04.06"]
[EventType "swiss"]
[EventRounds "9"]
[EventCountry "ESP"]
[SourceTitle "EXT 2003"]
[Source "ChessBase"]
[SourceDate "2002.11.25"]
[SourceVersion "1"]
[SourceVersionDate "2002.11.25"]
[SourceQuality "1"]

1. e4 c5 2. Nf3 d6 3. d4 cxd4 4. Nxd4 g6 5. Nc3 Nf6 6. Be2 Bg7 7. 0-0 Nc6 8. Nf3 0-0 9. Nd5 Nxe4 10. Bd3 Nf6 11. Nxf6+ Bxf6 12. Bg5 Bxb2 13. Rb1 Bg7 14. Re1 h6 15. Bh4 Ne5 16. Be4 Nxf3+ 17. Qxf3 f5 18. Bd5+ Kh8 19. Bxe7 Qd7 20. Bxf8 Bxf8 21. Re6 Qf7 22. Rxd6 Qc7 23. Rxg6 Qxc2 24. Re1 Qd2 25. Qe3 Qxe3 26. Rxe3 Bd7 27. f4 Bc5 28. Kf2 Re8 29. Rgg3 Bc6 30. Bxc6 bxc6 31. Ke2 Bxe3 32. Rxe3 Rd8 33. Rd3 Rb8 34. Rb3 Rb6 35. Kd3 Kg7 36. Kd4 Ra6 37. a3 Ra4+ 38. Ke5 Re4+ 39. Kxf5 Re2 40. Rb7+ Kh8 41. g4 Rxh2 42. Kg6 Re2 43. Rb8+ Re8 44. Rxe8# 1-0

[Event "Barcelona Sant Marti op 04th"]
[Site "Barcelona"]
[Date "2002.05.04"]
[Round "5.34"]
[White "Gibert de la Torre, Paul"]
[Black "Lluis Marti, Tomas"]
[Result "1-0"]
[WhiteElo "1895"]
[BlackElo "1700"]
[PlyCount "31"]
[EventDate "2002.04.06"]
[EventType "swiss"]
[EventRounds "9"]
[EventCountry "ESP"]
[SourceTitle "EXT 2003"]
[Source "ChessBase"]
[SourceDate "2002.11.25"]
[SourceVersion "1"]
[SourceVersionDate "2002.11.25"]
[SourceQuality "1"]

1. e4 e5 2. f4 Nc6 3. Nf3 d6 4. Bc4 Be7 5. c3 exf4 6. 0-0 Bg4 7. d4 Nf6 8. Qb3 0-0 9. Qc2 Re8 10. Ng5 Bh5 11. Bxf4 Bg6 12. Nd2 d5 13. Bd3 dxe4 14. Ndxe4 Bd6 15. Nxf6+ Qxf6 16. Bd2 1-0